Directory of Libraries in Pakistan (Record no. 346740)
[ view plain ]
| 000 -LEADER | |
|---|---|
| fixed length control field | 00603 a2200193 4500 |
| 003 - CONTROL NUMBER IDENTIFIER | |
| control field | OSt |
| 005 - DATE AND TIME OF LATEST TRANSACTION | |
| control field | 20180116182827.0 |
| 008 - FIXED-LENGTH DATA ELEMENTS--GENERAL INFORMATION | |
| fixed length control field | 170808b xxu||||| |||| 00| 0 eng d |
| 020 ## - INTERNATIONAL STANDARD BOOK NUMBER | |
| International Standard Book Number | 9698337008 |
| 040 ## - CATALOGING SOURCE | |
| Transcribing agency | 0 |
| 082 ## - DEWEY DECIMAL CLASSIFICATION NUMBER | |
| Classification number | 027.025 AHM 1996 |
| 100 ## - MAIN ENTRY--PERSONAL NAME | |
| Personal name | Chief Editor: Hafiz Khubaib Ahmed |
| 110 ## - MAIN ENTRY--CORPORATE NAME | |
| Corporate name or jurisdiction name as entry element | Pakistan Library Association |
| 245 ## - TITLE STATEMENT | |
| Title | Directory of Libraries in Pakistan |
| Statement of responsibility, etc. | Chief Editor: Hafiz Khubaib Ahmed |
| 260 ## - PUBLICATION, DISTRIBUTION, ETC. | |
| Place of publication, distribution, etc. | Pakistan Library Association |
| Name of publisher, distributor, etc. | Islamabad |
| Date of publication, distribution, etc. | 1996 |
| 300 ## - PHYSICAL DESCRIPTION | |
| Extent | 252 p. |
| Other physical details | pb |
| 440 ## - SERIES STATEMENT/ADDED ENTRY--TITLE | |
| Title | Directory of Libraries in Pakistan |
| 942 ## - ADDED ENTRY ELEMENTS (KOHA) | |
| Institution code [OBSOLETE] | NBS |
| Koha item type | Book |
| Call number prefix | 027.025 AHM 1996 |
| Source of classification or shelving scheme | |
| Withdrawn status | Lost status | Damaged status | Not for loan | Permanent Location | Current Location | Shelving location | Date acquired | Total Checkouts | Full call number | Barcode | Date last seen | Date last checked out | Price effective from | Koha item type |
|---|---|---|---|---|---|---|---|---|---|---|---|---|---|---|
| Central Library (CL) | Central Library (CL) | First Floor - Journalism | 08/28/2013 | 1 | 020.025 AHM | NBS2528 | 08/10/2017 | 08/08/2017 | 08/28/2013 | Book |
